000 00285nam a22001337a 4500
008 171011b xxu||||| |||| 00| 0 eng d
020 _a9780070203747
041 _aeng
080 _a316
100 _a50
101 _aSOC
245 _aSOCIAL TODAY
_cFEDERICO.R.C
942 _2udc
_cBK
999 _c33119
_d33119